| 000 | 00000nam##2200000za#4500 |
| 001 | 9.642135 |
| 003 | CaOODSP |
| 005 | 20210624223545 |
| 007 | cr ||||||||||| |
| 008 | 150407|2000||||xxc|||||o f|0| 0 fre|d |
| 040 | |aCaOODSP|bfre |
| 043 | |an-cn--- |
| 086 | 1 |aRH64-80/2000F-PDF |
| 110 | 1 |aCanada.|bDéveloppement des ressources humaines Canada. |bPolitique stratégique. |
| 245 | 10|aRétablir le lien entre les bénéficiaires de l'aide sociale et le marché du travail - étude bilan : |h[ressource électronique]|brapport final / |c[par] Évaluation et développement des données. |
| 260 | |aOttawa - Ontario : |bDéveloppement des ressources humaines Canada. |cMars 2000. |
| 300 | |a54p.|bréférences |
| 590 | |a13-16-Supp|b2013-07-12 |
| 691 | 07|aMarché du travail|2gcpds |
| 775 | 08|tReconnecting social assistance recipients to the labour market - lessons learned : |w(CaOODSP)9.698141 |
| 856 | 40|ahttp://publications.gc.ca|qPDF|s120 Ko|uhttps://publications.gc.ca/collections/collection_2013/rhdcc-hrsdc/RH64-80-2000-fra.pdf |
| 986 | |aSPAH123F-03-00 |